| 000 | 00485nam a2200133Ia 4500 | ||
|---|---|---|---|
| 001 | 940 | ||
| 008 | 241024s9999 xx 000 0 und d | ||
| 082 | _aRD/372.97293/R426ev/2008 | ||
| 100 | _aRepública Dominicana.Secretaría de Estado de Educación | ||
| 245 | 0 | _aEvaluación de Medio Término del Proyecto Fortalecimiento de la Educación Inicial Componente Mejoramiento de la Calidad del Grado Preprimario | |
| 260 |
_bSEE _c2008 |
||
| 901 | _a13/12/2010 10:07:22 a.m. | ||
| 999 |
_c8631 _d8631 |
||